ბათუმის შოთა რუსთაველის სახელმწიფო უნივერსიტეტის ბიბლიოთეკა

Mirmeki : (ბიბ.ჩანაწერი № 60575)

000 -LEADER
fixed length control field 00760nam a22001937a 4500
005 - DATE AND TIME OF LATEST TRANSACTION
control field 20230911112228.0
008 - FIXED-LENGTH DATA ELEMENTS--GENERAL INFORMATION
fixed length control field 230911s1976 pl ||||| |||| 00| 0 pol d
041 ## - LANGUAGE CODE
Language code of text/sound track or separate title pol
080 ## - UNIVERSAL DECIMAL CLASSIFICATION NUMBER
Universal Decimal Classification number 902/904 S-99
100 ## - MAIN ENTRY--PERSONAL NAME
Personal name Sztetyllo, Zofia
9 (RLIN) 19693
245 ## - TITLE STATEMENT
Title Mirmeki :
Remainder of title T. III. Wykopaliska odcinka polskiego w r. 1957 /
Statement of responsibility, etc. Zofia Sztetyllo; Red. : W. F.Gajdukiewicza, I.K. Michalowskiego.
264 ## - PRODUCTION, PUBLICATION, DISTRIBUTION, MANUFACTURE, AND COPYRIGHT NOTICE
Place of production, publication, distribution, manufacture Warszava,
Date of production, publication, distribution, manufacture, or copyright notice 1976.
300 ## - PHYSICAL DESCRIPTION
Extent 146 p.:
Other physical details ill.;
Dimensions 30 cm.
653 ## - INDEX TERM--UNCONTROLLED
keyword პოლონეთის მონაკვეთის გათხრები
653 ## - INDEX TERM--UNCONTROLLED
keyword არქეოლოგია
700 ## - ADDED ENTRY--PERSONAL NAME
Personal name Gajdukiewicza, W. F.
Relator term რედაქტორი
9 (RLIN) 19793
700 ## - ADDED ENTRY--PERSONAL NAME
Personal name Michalowskiegi, I. K.
Relator term რედაქტორი
9 (RLIN) 19794
942 ## - ADDED ENTRY ELEMENTS (KOHA)
Source of classification or shelving scheme
Koha item type წიგნი
ეგზემპლარები
Withdrawn status Lost status Source of classification or shelving scheme Damaged status Not for loan Permanent Location Current Location Shelving location Date acquired Cost, normal purchase price Full call number Barcode Date last seen Copy number Uniform Resource Identifier Price effective from Koha item type Public note
          ბათუმის შოთა რუსთაველის სახელმწიფო უნივერსიტეტის მთავარი ბიბლიოთეკა ბათუმის შოთა რუსთაველის სახელმწიფო უნივერსიტეტის მთავარი ბიბლიოთეკა წიგნსაცავი 2023-09-11 9.00 902/904 S-99 65195 2023-09-11 65195 ბსუ-ს საპატიო დოქტორის გურამ ლორთქიფანიძის საჩუქარი 2023-09-11 წიგნი 9 ლ.